000 00220nam a22000857a 4500
008 240408b |||||||| |||| 00| 0 eng d
020 _a9789355558794
100 _aMTG LEARNING MRDIA LTD
_97767
245 _aPHYSICS CLASS XI-XII
999 _c12567
_d12567